[Event "Chigorin Memorial"]
[Site "St Petersburg"]
[Date "2015.10.10"]
[Round "8.17"]
[White "Duzhakov, Ilya"]
[Black "Predke, Alexandr"]
[Result "1-0"]
[WhiteElo "2381"]
[BlackElo "2527"]
[PlyCount "95"]
[EventDate "2015.10.03"]
[EventRounds "9"]
[EventCountry "RUS"]

1. d4 f5 2. c4 Nf6 3. Nc3 e6 4. e3 b6 5. Bd3 Bb7 6. f3 g6 7. Nge2 Bg7 8. Qc2
O-O 9. O-O Na6 10. a3 c5 11. d5 e5 12. Qb1 Bh6 13. Bd2 Qe7 14. Bc2 Nc7 15. b4
Nce8 16. Qb3 Nd6 17. bxc5 bxc5 18. a4 Rfb8 19. Qa2 Nfe8 20. Rab1 Qh4 21. f4 Qe7
22. Rfe1 Bg7 23. Nc1 exf4 24. exf4 Bd4+ 25. Kh1 Qh4 26. N1e2 Bf2 27. Rf1 Nf6
28. Ng1 Ng4 29. Nf3 Qh6 30. h3 Re8 31. Bd3 Ba6 32. Ne5 Bd4 33. Nb5 Bxb5 34.
axb5 Nf2+ 35. Rxf2 Bxf2 36. Qa6 Ne4 37. Bxe4 fxe4 38. Nxd7 Bd4 39. Nf6+ Bxf6
40. Qxf6 e3 41. Bc3 e2 42. Re1 Rad8 43. Be5 Rd7 44. Rxe2 Qg7 45. Qc6 Qe7 46.
Re3 Rdd8 47. Rg3 Qf7 48. d6 1-0

[Event "Chigorin Memorial"]
[Site "St Petersburg"]
[Date "2015.10.10"]
[Round "8.18"]
[White "Lobanov, Sergei"]
[Black "Paravyan, David"]
[Result "0-1"]
[WhiteElo "2394"]
[BlackElo "2486"]
[PlyCount "102"]
[EventDate "2015.10.03"]
[EventRounds "9"]
[EventCountry "RUS"]

1. e4 e6 2. d4 d5 3. Nc3 Bb4 4. e5 c5 5. Bd2 Ne7 6. Nb5 Bxd2+ 7. Qxd2 O-O 8.
dxc5 Nd7 9. Qc3 Nc6 10. f4 b6 11. cxb6 Qxb6 12. Nf3 Ba6 13. Nbd4 Bxf1 14. Rxf1
Rfc8 15. Nxc6 Rxc6 16. Qb3 Qc5 17. O-O-O Rb8 18. Qd3 Qb4 19. Qa3 Qxf4+ 20. Kb1
Qc4 21. Qd3 Qb4 22. b3 Nc5 23. Qd4 Qa5 24. Qd2 Rb4 25. Nd4 Ra6 26. c3 Nxb3 27.
Nxb3 Rxb3+ 28. axb3 Qa1+ 29. Kc2 Ra2+ 30. Kd3 Rxd2+ 31. Kxd2 Qb2+ 32. Kd3 Qxb3
33. Rb1 Qc4+ 34. Kd2 g6 35. Rb8+ Kg7 36. Rf3 Qc7 37. Rb4 a5 38. Rb1 h5 39. h4
a4 40. Ra1 Qb7 41. Kc1 Qa7 42. Kc2 a3 43. Kb3 Qb8+ 44. Kxa3 Qxe5 45. Kb3 Qb8+
46. Kc2 Qh2 47. Raf1 f5 48. R3f2 Qxh4 49. Re2 Qc4 50. Rfe1 d4 51. Rxe6 Qxc3+
0-1

[Event "Chigorin Memorial"]
[Site "St Petersburg"]
[Date "2015.10.10"]
[Round "8.19"]
[White "Bublei, Pavel"]
[Black "Matinian, Nikita"]
[Result "1-0"]
[WhiteElo "2380"]
[BlackElo "2473"]
[PlyCount "47"]
[EventDate "2015.10.03"]
[EventRounds "9"]
[EventCountry "RUS"]

1. d4 d6 2. e4 g6 3. Nf3 Bg7 4. Bd3 e5 5. c3 Nc6 6. Bg5 Nf6 7. h3 h6 8. Be3 O-O
9. O-O exd4 10. Nxd4 Ne5 11. Bc2 d5 12. Nd2 dxe4 13. Nxe4 Nxe4 14. Bxe4 f5 15.
Qb3+ Kh7 16. f4 Qe7 17. fxe5 Qxe5 18. Bf4 Qxe4 19. Rae1 Qd3 20. Re7 Kh8 21. Nb5
Qd8 22. Rfe1 g5 23. Bxc7 Qd2 24. Rd1 1-0

[Event "Chigorin Memorial"]
[Site "St Petersburg"]
[Date "2015.10.10"]
[Round "8.20"]
[White "Gorbatov, Alexej"]
[Black "Ulko, Jaroslav"]
[Result "1/2-1/2"]
[WhiteElo "2368"]
[BlackElo "2467"]
[PlyCount "69"]
[EventDate "2015.10.03"]
[EventRounds "9"]
[EventCountry "RUS"]

1. d4 Nf6 2. c4 g6 3. Nc3 Bg7 4. Nf3 O-O 5. e4 d6 6. Be2 e5 7. dxe5 dxe5 8.
Qxd8 Rxd8 9. Bg5 c6 10. Nxe5 Re8 11. Rd1 h6 12. Bf4 Na6 13. Bg3 Nc5 14. f3
Nfxe4 15. Nxe4 Nxe4 16. fxe4 Bxe5 17. Bxe5 Rxe5 18. Rd8+ Kg7 19. Bf3 b6 20. Kf2
Bb7 21. Rd7 Bc8 22. Rc7 Rc5 23. b3 Be6 24. Rd1 Ra5 25. a4 b5 26. Rd6 Kf8 27.
axb5 cxb5 28. e5 Rb8 29. Bd5 bxc4 30. Bxe6 fxe6 31. Rdd7 Ra2+ 32. Kg1 Ra1+ 33.
Kf2 Ra2+ 34. Kg1 Ra1+ 35. Kf2 1/2-1/2

[Event "Chigorin Memorial"]
[Site "St Petersburg"]
[Date "2015.10.10"]
[Round "8.21"]
[White "Derakhshani, Dorsa"]
[Black "Andersen, Mads"]
[Result "1/2-1/2"]
[WhiteElo "2356"]
[BlackElo "2457"]
[PlyCount "76"]
[EventDate "2015.10.03"]
[EventRounds "9"]
[EventCountry "RUS"]

1. e4 e6 2. d4 d5 3. Nc3 Nf6 4. Bg5 Be7 5. e5 Nfd7 6. Bxe7 Qxe7 7. f4 a6 8. Qg4
O-O 9. Nf3 f5 10. Qg5 Nc6 11. Qxe7 Nxe7 12. Ng5 Nb6 13. O-O-O Bd7 14. Be2 Rac8
15. b4 h6 16. Nf3 Na4 17. Nxa4 Bxa4 18. Kb2 Bb5 19. Bxb5 axb5 20. Nd2 Ra8 21.
Nb3 Kf7 22. h3 Ra7 23. Ra1 Nc8 24. c3 Nb6 25. Na5 Nc8 26. Nb3 Rg8 27. g4 Ne7
28. Nc5 b6 29. Nd3 h5 30. g5 Rga8 31. a3 Ng6 32. Kb3 Ra4 33. Ra2 Ke7 34. Rf1
R4a7 35. Rfa1 Ra4 36. Rf1 R4a7 37. Rfa1 Ra4 38. Rf1 R4a7 1/2-1/2

[Event "Chigorin Memorial"]
[Site "St Petersburg"]
[Date "2015.10.10"]
[Round "8.22"]
[White "Golubov, Saveliy"]
[Black "Yeletsky, Ivan"]
[Result "1-0"]
[WhiteElo "2453"]
[BlackElo "2342"]
[PlyCount "61"]
[EventDate "2015.10.03"]
[EventRounds "9"]
[EventCountry "RUS"]

1. e4 g6 2. d4 Bg7 3. Nc3 d6 4. f4 Nf6 5. Nf3 O-O 6. Bd3 Nc6 7. e5 dxe5 8. fxe5
Nh5 9. Ne2 Bg4 10. c3 Bxf3 11. gxf3 e6 12. Be3 f6 13. exf6 Bxf6 14. Qb3 Bg5 15.
Bxg5 Qxg5 16. Qxb7 Ne7 17. h4 Qh6 18. Qxc7 Nd5 19. Qe5 Nhf4 20. Nxf4 Nxf4 21.
Be4 Rab8 22. Rh2 Rxb2 23. Rxb2 Qxh4+ 24. Kd1 Qh1+ 25. Kc2 Qxa1 26. Rb7 Qxa2+
27. Kd1 Qe2+ 28. Kc1 Qe3+ 29. Kc2 Nh5 30. Qxe6+ Kh8 31. Rxh7+ 1-0

[Event "Chigorin Memorial"]
[Site "St Petersburg"]
[Date "2015.10.10"]
[Round "8.23"]
[White "Musaev, Rasul"]
[Black "Kalegin, Evgenij"]
[Result "1/2-1/2"]
[WhiteElo "2351"]
[BlackElo "2444"]
[PlyCount "109"]
[EventDate "2015.10.03"]
[EventRounds "9"]
[EventCountry "RUS"]

1. e4 c5 2. Nf3 e6 3. b3 Nf6 4. e5 Nd5 5. c4 Nb4 6. a3 N4c6 7. Bb2 Be7 8. Qc2
f5 9. exf6 Bxf6 10. Nc3 O-O 11. Bd3 h6 12. O-O-O Nd4 13. Nxd4 Bxd4 14. f4 Nc6
15. Rdf1 d5 16. h4 dxc4 17. bxc4 Bxc3 18. Bxc3 Nd4 19. Qd1 Qd6 20. Qh5 Rf6 21.
Qe8+ Qf8 22. Qxf8+ Rxf8 23. Bxd4 cxd4 24. g3 Bd7 25. Re1 Rfc8 26. Re5 Bc6 27.
Rhe1 Bd5 28. Kb1 Bxc4 29. Bxc4 Rxc4 30. Rxe6 Rac8 31. Re8+ Kh7 32. Rxc8 Rxc8
33. Re7 b6 34. Rxa7 Rc6 35. h5 Rc5 36. Rd7 Rxh5 37. Rxd4 Rh3 38. Rd3 Kg6 39. a4
Kf5 40. Kb2 Kg4 41. Rd7 Rxg3 42. Rxg7+ Kxf4 43. Rh7 Rg6 44. Kc3 Kg4 45. d4 h5
46. d5 h4 47. Kd4 h3 48. Ke5 Rg5+ 49. Ke6 Rh5 50. Rxh5 Kxh5 51. d6 h2 52. d7
h1=Q 53. d8=Q Qe4+ 54. Kd6 Qxa4 55. Qxb6 1/2-1/2

[Event "Chigorin Memorial"]
[Site "St Petersburg"]
[Date "2015.10.10"]
[Round "8.24"]
[White "Savitskiy, Sergey"]
[Black "Malakhov, Igor"]
[Result "0-1"]
[WhiteElo "2333"]
[BlackElo "2438"]
[PlyCount "208"]
[EventDate "2015.10.03"]
[EventRounds "9"]
[EventCountry "RUS"]

1. e4 c5 2. Nf3 Nc6 3. Bb5 e6 4. O-O Nge7 5. Re1 a6 6. Bf1 d5 7. exd5 Nxd5 8.
d4 Nf6 9. Be3 cxd4 10. Nxd4 Ne5 11. h3 Be7 12. c4 O-O 13. Nc3 Ng6 14. a3 Qc7
15. Nf3 Rd8 16. Qb3 Nd7 17. Na4 b5 18. cxb5 axb5 19. Nc3 b4 20. axb4 Rxa1 21.
Rxa1 Bb7 22. Nd4 Nde5 23. f4 Nd7 24. f5 Qe5 25. Re1 Bh4 26. Re2 exf5 27. Ndb5
Qb8 28. Ba7 Qa8 29. Bf2 Bxf2+ 30. Rxf2 f4 31. Qa4 Qb8 32. Rd2 f3 33. Qa7 fxg2
34. Bxg2 Bxg2 35. Qxb8 Rxb8 36. Kxg2 Nde5 37. Rd4 Nc6 38. Re4 f5 39. Rc4 Nce5
40. Rd4 Nc6 41. Rc4 Nce5 42. Rd4 f4 43. Kf1 Nf3 44. Rd5 Nfe5 45. Rd4 h6 46. Nc7
Nf3 47. Rd6 Nge5 48. N7d5 Nc4 49. Rc6 Nfe5 50. Re6 Nd3 51. b3 Nce5 52. b5 f3
53. b6 Nd7 54. Rc6 Kh7 55. Re6 N3c5 56. Rd6 Ne5 57. Nf4 Nxb3 58. Re6 Nc4 59.
Ncd5 Nc5 60. Re7 Ne4 61. Nd3 Ra8 62. Ra7 Nxb6 63. Rxa8 Nxa8 64. Ne5 Nf6 65. Ne3
Nc7 66. Nxf3 Ne6 67. Kg2 Ne4 68. Ne5 h5 69. Nf5 g6 70. Ne7 g5 71. Kf3 Nd6 72.
Nd5 Nd4+ 73. Kg2 Ne4 74. Nf3 Ne6 75. Ne5 Kg7 76. Kf3 Nd6 77. Kg2 Nf5 78. Kf3
Nh4+ 79. Ke3 Kh6 80. Kf2 Nf4 81. Nxf4 gxf4 82. Nc4 Kg5 83. Nd2 Kf5 84. Ke2 Ng6
85. Kf2 Ne5 86. Kg2 Nf7 87. Nf3 Ng5 88. Ng1 Ke4 89. h4 Nf7 90. Kf2 Ne5 91. Ke2
f3+ 92. Kf1 Ke3 93. Nh3 Ng6 94. Ng5 Nxh4 95. Nh3 Nf5 96. Ke1 Ng3 97. Nf2 Ne4
98. Nd1+ Kf4 99. Kf1 h4 100. Kg1 Kg3 101. Ne3 f2+ 102. Kh1 Kf3 103. Nf1 Ke2
104. Kg2 h3+ 0-1

[Event "Chigorin Memorial"]
[Site "St Petersburg"]
[Date "2015.10.10"]
[Round "8.25"]
[White "Abdusattorov, Nodirbek"]
[Black "Mishuchkov, Nikolai M"]
[Result "1/2-1/2"]
[WhiteElo "2432"]
[BlackElo "2295"]
[PlyCount "116"]
[EventDate "2015.10.03"]
[EventRounds "9"]
[EventCountry "RUS"]

1. e4 c5 2. Nf3 e6 3. d4 cxd4 4. Nxd4 Nc6 5. Nc3 a6 6. Nxc6 bxc6 7. Bd3 d5 8.
O-O Nf6 9. Qf3 Be7 10. Re1 O-O 11. b3 a5 12. Bb2 Ba6 13. Bxa6 Rxa6 14. Rad1 Ra7
15. Qg3 Rd7 16. Rd3 g6 17. Red1 Nh5 18. Qf3 Bf6 19. g4 Ng7 20. Ba3 Be7 21. Bb2
Bf6 22. Qf4 Bg5 23. Qg3 Bh4 24. Qg2 f5 25. gxf5 gxf5 26. exd5 exd5 27. Ne2 Qg5
28. Qxg5 Bxg5 29. Nd4 Bf6 30. Bc3 c5 31. Nc6 d4 32. Be1 a4 33. bxa4 Rc8 34. Na5
c4 35. Rf3 Ra7 36. Rb1 c3 37. Rb5 Re8 38. Kf1 Rae7 39. Rb1 Ra7 40. Nc4 Rxa4 41.
Nd6 Rf8 42. Nxf5 Nxf5 43. Rxf5 Rxa2 44. Rc1 Bg7 45. Rd5 Rfa8 46. f4 Ra1 47.
Rxa1 Rxa1 48. Ke2 Rc1 49. Rd8+ Kf7 50. Rd7+ Kg8 51. Rd8+ Kf7 52. Rd7+ Kf8 53.
Rd8+ Kf7 54. Rd7+ Kg8 55. Rd8+ Kf7 56. Rd7+ Kg8 57. Rd8+ Kf7 58. Rd7+ Kg8
1/2-1/2

[Event "Chigorin Memorial"]
[Site "St Petersburg"]
[Date "2015.10.10"]
[Round "8.27"]
[White "Korchmar, Vasiliy"]
[Black "Pletnev, Evgeniy"]
[Result "1-0"]
[WhiteElo "2402"]
[BlackElo "2246"]
[PlyCount "43"]
[EventDate "2015.10.03"]
[EventRounds "9"]
[EventCountry "RUS"]

1. d4 f5 2. g3 Nf6 3. Bg2 d6 4. Nf3 g6 5. O-O Bg7 6. c4 O-O 7. Nc3 c6 8. b4 e5
9. dxe5 dxe5 10. e4 f4 11. Qb3 Nh5 12. b5 g5 13. Ba3 g4 14. Bxf8 Qxf8 15. c5+
Kh8 16. Ng5 Bf6 17. Qf7 Qxf7 18. Nxf7+ Kg7 19. Nd6 Nd7 20. bxc6 bxc6 21. Rfb1
Nxc5 22. Ne8+ 1-0

[Event "Chigorin Memorial"]
[Site "St Petersburg"]
[Date "2015.10.10"]
[Round "8.28"]
[White "Dilmukhametov, Artur"]
[Black "Maletin, Pavel"]
[Result "0-1"]
[WhiteElo "2187"]
[BlackElo "2581"]
[PlyCount "60"]
[EventDate "2015.10.03"]
[EventRounds "9"]
[EventCountry "RUS"]

1. e4 g6 2. d4 Bg7 3. Nc3 d6 4. g3 Nd7 5. Bg2 Ngf6 6. h3 O-O 7. Nge2 Rb8 8. a4
c5 9. Be3 b6 10. O-O a6 11. g4 cxd4 12. Bxd4 Bb7 13. Qd2 b5 14. axb5 axb5 15.
Nd5 e6 16. Nxf6+ Nxf6 17. Ra7 e5 18. Be3 Nxe4 19. Qb4 d5 20. Qxb5 Nd6 21. Qa4
d4 22. Bxb7 dxe3 23. Qa6 exf2+ 24. Rxf2 Bh6 25. Rf3 e4 26. Rb3 Nxb7 27. Raxb7
Ra8 28. Qc4 Ra1+ 29. Kh2 Re1 30. Rg3 Qd1 0-1

[Event "Chigorin Memorial"]
[Site "St Petersburg"]
[Date "2015.10.10"]
[Round "8.29"]
[White "Nigmatov, Ortik"]
[Black "Pridorozhni, Aleksei"]
[Result "0-1"]
[WhiteElo "2330"]
[BlackElo "2575"]
[PlyCount "114"]
[EventDate "2015.10.03"]
[EventRounds "9"]
[EventCountry "RUS"]

1. e4 d5 2. exd5 Qxd5 3. d4 Nf6 4. Nf3 Bg4 5. Be2 e6 6. O-O Nc6 7. h3 Bh5 8.
Be3 Be7 9. c4 Qd7 10. Ne5 Nxe5 11. dxe5 Qxd1 12. Bxd1 Bxd1 13. exf6 Bxf6 14.
Rxd1 Bxb2 15. Nd2 Bxa1 16. Rxa1 O-O-O 17. Kf1 Rd3 18. Ke2 Rhd8 19. Rc1 b6 20.
Rc2 Kb7 21. g4 f6 22. Ne4 Rd1 23. Kf3 Rh1 24. Kg2 Re1 25. g5 f5 26. Nd2 g6 27.
Nf3 Rb1 28. Bd4 Rb4 29. Bf6 Rd1 30. Nd4 Re1 31. Nf3 Reb1 32. h4 a5 33. a3 Ra4
34. Bb2 Rd1 35. Ne5 c6 36. Re2 b5 37. cxb5 cxb5 38. Nf3 Rg4+ 39. Kh2 Re4 40.
Rc2 Rd5 41. Kg2 b4 42. axb4 axb4 43. Bf6 Ka6 44. Rc6+ Ka5 45. Rc7 b3 46. Rxh7
e5 47. Rb7 Rb5 48. Ra7+ Kb4 49. Nd2 b2 50. Ra2 Rg4+ 51. Kf1 Kc3 52. Nb1+ Kc2
53. Na3+ Kd3 54. Nb1 Rxh4 55. Kg2 Rg4+ 56. Kh1 Rb7 57. Bxe5 f4 0-1

[Event "Chigorin Memorial"]
[Site "St Petersburg"]
[Date "2015.10.10"]
[Round "8.30"]
[White "Gurvich, Vitaly"]
[Black "Matsenko, Sergei"]
[Result "0-1"]
[WhiteElo "2315"]
[BlackElo "2531"]
[PlyCount "172"]
[EventDate "2015.10.03"]
[EventRounds "9"]
[EventCountry "RUS"]

1. Nf3 Nf6 2. c4 e6 3. Nc3 c5 4. g3 b6 5. Bg2 Bb7 6. O-O Be7 7. d4 cxd4 8. Qxd4
d6 9. Rd1 a6 10. Bg5 Nbd7 11. Rac1 O-O 12. Qd2 Rc8 13. b3 Nc5 14. Bf4 Ne8 15.
Ne1 Qc7 16. Bxb7 Qxb7 17. Nd3 Nd7 18. e4 b5 19. cxb5 axb5 20. Qe2 b4 21. Na4
Nef6 22. f3 Nb6 23. Nxb6 Qxb6+ 24. Be3 Qb7 25. Kg2 d5 26. e5 Nd7 27. Bd4 Nb8
28. Rc2 Nc6 29. Bf2 Na7 30. Bxa7 Qxa7 31. Rdc1 Rxc2 32. Rxc2 Qd4 33. h4 Ra8 34.
f4 g6 35. Nf2 h5 36. Qd2 Qb6 37. Nd3 Kg7 38. Qe2 Qd4 39. Nf2 Ra5 40. Qd3 Qa1
41. Qd2 Bc5 42. Qd1 Rxa2 43. Qxa1 Rxc2 44. Kh3 Bxf2 45. Qa5 Bc5 46. Qd8 Rf2 47.
g4 Rf3+ 48. Kg2 Rxf4 49. gxh5 Rg4+ 50. Kf3 gxh5 51. Qf6+ Kg8 52. Qd8+ Bf8 53.
Qf6 Bg7 54. Qd8+ Kh7 55. Qc7 Kg6 56. Qc2+ Re4 57. Qg2+ Kh7 58. Qd2 Bxe5 59. Qg5
Rf4+ 60. Ke2 Rf5 61. Qe7 Bc3 62. Qd8 Kg7 63. Qb6 Rf4 64. Qg1+ Rg4 65. Qf2 Bf6
66. Kf3 Rxh4 67. Qg3+ Rg4 68. Qh3 Kg6 69. Qf1 Be5 70. Qd3+ Kg7 71. Qe2 Rg3+ 72.
Kf2 Rg5 73. Qe3 Bf6 74. Qb6 Rg4 75. Kf3 Be5 76. Qd8 Rg3+ 77. Kf2 Bf6 78. Qd6
Rxb3 79. Kg2 h4 80. Kh2 Rb2+ 81. Kh3 b3 82. Qf4 Rc2 83. Qg4+ Kf8 84. Qb4+ Kg8
85. Qg4+ Bg7 86. Qxh4 Rc8 0-1

[Event "Chigorin Memorial"]
[Site "St Petersburg"]
[Date "2015.10.10"]
[Round "8.31"]
[White "Volodin, Aleksandr"]
[Black "Pushkov, Nikolai"]
[Result "1-0"]
[WhiteElo "2491"]
[BlackElo "2314"]
[PlyCount "175"]
[EventDate "2015.10.03"]
[EventRounds "9"]
[EventCountry "RUS"]

1. d4 d5 2. c4 e6 3. g3 Nf6 4. Bg2 Bb4+ 5. Bd2 Be7 6. Nf3 O-O 7. Qb3 c6 8. O-O
Nbd7 9. Nc3 a5 10. a3 b6 11. Rfe1 Ba6 12. cxd5 cxd5 13. Bf4 Bc4 14. Qd1 Rc8 15.
Rc1 Nh5 16. Be3 Nhf6 17. h3 h6 18. Nd2 Ba6 19. Qb3 Ne8 20. Nb5 Bxb5 21. Qxb5
Nd6 22. Qd3 Rxc1 23. Rxc1 Qb8 24. Bf4 Rc8 25. Re1 g5 26. Bxd6 Qxd6 27. e4 Bf8
28. exd5 exd5 29. Qf5 Rd8 30. Bxd5 Qf6 31. Qg4 Qd6 32. Qf3 Qf6 33. Qh5 Bg7 34.
Ne4 Qf5 35. Ba2 Nf8 36. d5 Ng6 37. d6 Ne5 38. Kg2 Rd7 39. Qe2 Rd8 40. Bb1 Nc6
41. Qa6 Bd4 42. Qc4 Rxd6 43. Rc1 Re6 44. Qd3 Bxb2 45. Rc4 Qe5 46. h4 gxh4 47.
f4 Qf5 48. Qc2 Qd5 49. f5 Rxe4 50. Qxe4 Qxe4+ 51. Bxe4 Ne5 52. Rc8+ Kg7 53. a4
hxg3 54. Kxg3 Kf6 55. Rd8 Ba3 56. Bc2 Nc4 57. Kf3 Nd6 58. Kf4 Bc1+ 59. Kg4 Ba3
60. Rh8 Kg7 61. Rb8 Bc5 62. Bd3 Kf6 63. Rd8 Ba3 64. Rd7 Ke5 65. Re7+ Kf6 66.
Re2 Bc5 67. Rh2 Kg7 68. Rh1 Kf6 69. Rxh6+ Ke5 70. Rh1 Kd4 71. Ba6 Kc3 72. Kg5
Bd4 73. Rd1 Ne4+ 74. Kf4 Nc5 75. Bb5 f6 76. Kg4 Be5 77. Rd5 Ne4 78. Kh5 Kb4 79.
Kg6 Bb2 80. Rd1 Nc3 81. Rd2 Ba1 82. Be8 Ne4 83. Rd1 Bb2 84. Rb1 Kc3 85. Bc6 Nd6
86. Kxf6 Kc2+ 87. Rxb2+ Kxb2 88. Ke6 1-0

[Event "Chigorin Memorial"]
[Site "St Petersburg"]
[Date "2015.10.10"]
[Round "8.32"]
[White "Solovyov, Viktor"]
[Black "Atabayev, Maksat"]
[Result "1/2-1/2"]
[WhiteElo "2312"]
[BlackElo "2483"]
[PlyCount "66"]
[EventDate "2015.10.03"]
[EventRounds "9"]
[EventCountry "RUS"]

1. Nf3 Nf6 2. c4 e6 3. g3 b6 4. Bg2 Bb7 5. O-O Be7 6. Nc3 O-O 7. Re1 d5 8. cxd5
exd5 9. d4 Nbd7 10. Bf4 c5 11. Rc1 a6 12. dxc5 Nxc5 13. a3 Nfe4 14. Be5 Rc8 15.
Bh3 Ne6 16. Nd4 N4g5 17. Bg2 Bf6 18. Bxf6 Qxf6 19. e3 Nc5 20. Re2 Rcd8 21. Rec2
Nge6 22. Nce2 Ne4 23. Qe1 a5 24. Rd1 a4 25. Nc3 N6c5 26. Nde2 Bc6 27. Nd4 Bb7
28. Nde2 Bc6 29. Rd4 Qf5 30. Rd1 Qf6 31. Nd4 Bb7 32. Nde2 Bc6 33. Nd4 Bb7
1/2-1/2

[Event "Chigorin Memorial"]
[Site "St Petersburg"]
[Date "2015.10.10"]
[Round "8.33"]
[White "Gogolev, Artem"]
[Black "Franco Alonso, Alejandro"]
[Result "1/2-1/2"]
[WhiteElo "2306"]
[BlackElo "2450"]
[PlyCount "87"]
[EventDate "2015.10.03"]
[EventRounds "9"]
[EventCountry "RUS"]

1. c4 e5 2. Nc3 Nf6 3. Nf3 Nc6 4. d4 exd4 5. Nxd4 Bb4 6. Nc2 Bxc3+ 7. bxc3 d6
8. g3 Ne5 9. Ne3 Bd7 10. Bg2 Bc6 11. f3 O-O 12. Qd4 Re8 13. O-O d5 14. cxd5
Nxd5 15. Nxd5 Qxd5 16. e4 Qa5 17. Be3 Rad8 18. Qb4 Qa6 19. Bd4 Nd3 20. Qb3 Ba4
21. Qb1 Qc4 22. Qxb7 c5 23. Be3 Rd7 24. Qb1 Qxc3 25. Kh1 h6 26. a3 Bb3 27. Bd2
Qxd2 28. Qxb3 Qe3 29. Qa4 Red8 30. Ra2 Ne1 31. Qa6 Rd2 32. Rxd2 Qxd2 33. Bh3
Nc2 34. e5 Ne3 35. Rg1 Qf2 36. Qc6 Rd5 37. Rf1 Qc2 38. e6 Nxf1 39. exf7+ Kh7
40. f8=N+ Kh8 41. Ng6+ Kh7 42. Nf8+ Kh8 43. Ng6+ Kh7 44. Nf8+ 1/2-1/2

[Event "Chigorin Memorial"]
[Site "St Petersburg"]
[Date "2015.10.10"]
[Round "8.34"]
[White "Usmanov, Vasily"]
[Black "Rjabzev, Konstantin"]
[Result "1-0"]
[WhiteElo "2450"]
[BlackElo "2298"]
[PlyCount "57"]
[EventDate "2015.10.03"]
[EventRounds "9"]
[EventCountry "RUS"]

1. d4 d5 2. c4 e6 3. Nc3 Be7 4. cxd5 exd5 5. Bf4 c6 6. e3 Bf5 7. g4 Be6 8. Bd3
c5 9. Nb5 Na6 10. dxc5 Bxc5 11. Qa4 Bd7 12. Nf3 Nb4 13. Bf5 Kf8 14. a3 a6 15.
axb4 Bxb5 16. Qb3 Be7 17. Nd4 Bc4 18. Qc3 Qb6 19. b5 a5 20. b3 Bb4 21. Qxb4+
axb4 22. Rxa8+ Ke7 23. bxc4 g6 24. c5 Qxc5 25. Rc8 Qa7 26. Bb1 Kd7 27. Rc7+ Ke8
28. O-O Ne7 29. Bd6 1-0

[Event "Chigorin Memorial"]
[Site "St Petersburg"]
[Date "2015.10.10"]
[Round "8.36"]
[White "Chekletsov, Ilya"]
[Black "Tunik, Gennady"]
[Result "0-1"]
[WhiteElo "2299"]
[BlackElo "2420"]
[PlyCount "116"]
[EventDate "2015.10.03"]
[EventRounds "9"]
[EventCountry "RUS"]

1. e4 c5 2. a3 Nc6 3. b4 Nf6 4. b5 Nd4 5. c3 Ne6 6. e5 Nd5 7. d4 cxd4 8. cxd4
d6 9. Nf3 g6 10. Bc4 dxe5 11. dxe5 Nb6 12. Qxd8+ Nxd8 13. Ba2 Bg4 14. O-O Bg7
15. Re1 Rc8 16. Nbd2 Be6 17. a4 Bxa2 18. Rxa2 Ne6 19. a5 Nd5 20. Ba3 O-O 21.
Nf1 Rfd8 22. Ne3 Kf8 23. Nxd5 Rxd5 24. b6 a6 25. g3 Rc3 26. Re3 Rxe3 27. fxe3
Bxe5 28. Nxe5 Rxe5 29. Kf2 Rb5 30. Bb2 Nc5 31. Bd4 Ne4+ 32. Kf3 Nd6 33. Rc2
Rf5+ 34. Kg2 Rxa5 35. Rc7 Ra2+ 36. Kg1 h5 37. h4 Ke8 38. Bc5 Rd2 39. Bxd6 Rxd6
40. Rxb7 Re6 41. Kf2 Kd8 42. Kf3 Kc8 43. Rc7+ Kb8 44. Kf4 Rxb6 45. Rxe7 Rb7 46.
Re8+ Ka7 47. Kg5 a5 48. Kf6 Kb6 49. Ke5 Kb5 50. e4 a4 51. Ra8 Rb6 52. Ra7 f6+
53. Kd4 Kb4 54. Kd3 Kb3 55. Kd2 a3 56. Kc1 a2 57. Ra8 Rc6+ 58. Kd1 Rc4 0-1

[Event "Chigorin Memorial"]
[Site "St Petersburg"]
[Date "2015.10.10"]
[Round "8.37"]
[White "Tarasov, Alexandr"]
[Black "Smirnov, Artem"]
[Result "0-1"]
[WhiteElo "2297"]
[BlackElo "2419"]
[PlyCount "48"]
[EventDate "2015.10.03"]
[EventRounds "9"]
[EventCountry "RUS"]

1. Nf3 Nf6 2. c4 g6 3. g3 Bg7 4. Bg2 O-O 5. O-O d6 6. d4 Bf5 7. Nc3 Nc6 8. b3
e5 9. dxe5 dxe5 10. Ba3 Re8 11. Nh4 Bg4 12. Bxc6 bxc6 13. Qc2 Qc8 14. Ng2 h5
15. f3 Bh3 16. e4 Nh7 17. Rf2 Ng5 18. Ne1 f5 19. Nd3 Ne6 20. Ne2 fxe4 21. fxe4
Ng5 22. Nc3 Bg4 23. Rff1 Bf3 24. h4 Qg4 0-1

[Event "Chigorin Memorial"]
[Site "St Petersburg"]
[Date "2015.10.10"]
[Round "8.38"]
[White "Elistratov, Semen"]
[Black "Arslanov, Shamil"]
[Result "1/2-1/2"]
[WhiteElo "2283"]
[BlackElo "2416"]
[PlyCount "164"]
[EventDate "2015.10.03"]
[EventRounds "9"]
[EventCountry "RUS"]

1. Nf3 Nf6 2. g3 b6 3. Bg2 Bb7 4. d4 c5 5. c3 e6 6. O-O Be7 7. Nbd2 O-O 8. Re1
cxd4 9. cxd4 Nc6 10. a3 Rc8 11. b4 a5 12. b5 Na7 13. Qb3 Qc7 14. a4 Qc3 15.
Qxc3 Rxc3 16. Bb2 Rc2 17. Ba3 Bxa3 18. Rxa3 Rfc8 19. Raa1 h6 20. e4 d5 21. e5
Ne4 22. Rad1 Nc3 23. Ra1 Rb2 24. Ra3 Rb4 25. Rea1 Ne2+ 26. Kf1 Nxd4 27. Nxd4
Rxd4 28. Ke2 Rc2 29. Rd3 Rb4 30. Kd1 Rc7 31. Rda3 Kf8 32. Rc1 Rd7 33. Ke2 Nc8
34. Rb1 Rxb1 35. Nxb1 Rc7 36. Rc3 Rc5 37. Kd3 Ne7 38. Bh3 g5 39. Kd4 Rxc3 40.
Nxc3 h5 41. f3 Ng6 42. Ne2 Kg7 43. f4 g4 44. Bg2 h4 45. Bf1 f6 46. Nc3 fxe5+
47. fxe5 Kh6 48. Bd3 hxg3 49. hxg3 Nf8 50. Bc2 Bc8 51. Nd1 Kg5 52. Nf2 Bd7 53.
Bd1 Be8 54. Bxg4 Bg6 55. Bd1 Bf5 56. g4 Bg6 57. Nh3+ Kh4 58. Nf4 Bf7 59. Nd3
Kg3 60. Ke3 Nd7 61. g5 Bg6 62. Be2 Bf5 63. Bh5 Kh4 64. Be8 Nf8 65. Ne1 Kxg5 66.
Nf3+ Kh6 67. Nd4 Bg6 68. Bc6 Bf7 69. Nb3 Ng6 70. Kd4 Kg5 71. Nxa5 Kf4 72. Nb7
Nxe5 73. Nd6 Bg6 74. Bxd5 exd5 75. Kxd5 Bf5 76. Nxf5 Kxf5 77. a5 bxa5 78. b6
Nd7 79. b7 a4 80. Kc4 a3 81. Kb3 Nc5+ 82. Kxa3 Nxb7 1/2-1/2

[Event "Chigorin Memorial"]
[Site "St Petersburg"]
[Date "2015.10.10"]
[Round "8.39"]
[White "Leontiev, Aleksandr V"]
[Black "Guseva, Marina"]
[Result "0-1"]
[WhiteElo "2281"]
[BlackElo "2411"]
[PlyCount "91"]
[EventDate "2015.10.03"]
[EventRounds "9"]
[EventCountry "RUS"]

1. c4 c6 2. Nf3 d5 3. b3 Nf6 4. g3 Bf5 5. Bb2 e6 6. Bg2 Nbd7 7. O-O h6 8. d3
Be7 9. Nbd2 O-O 10. Qc2 Bh7 11. Rac1 a5 12. a3 Re8 13. Qb1 Bd6 14. e4 dxe4 15.
Nxe4 Nxe4 16. dxe4 Nc5 17. Rfe1 Qb6 18. Re3 e5 19. Ba1 Na6 20. Rce1 Bc5 21.
R3e2 f6 22. Ra2 Rad8 23. Bc3 Kh8 24. b4 axb4 25. axb4 Bf8 26. c5 Qc7 27. Nh4
Qf7 28. Bf1 Nc7 29. Ra5 Nb5 30. Ba1 Nd4 31. Ra3 Qh5 32. Ree3 Nb5 33. Rad3 Rxd3
34. Qxd3 Ra8 35. Re1 Qf7 36. Qc4 Qc7 37. Bh3 g5 38. Nf5 Bg8 39. Qc1 b6 40. Bf1
bxc5 41. bxc5 Qa5 42. h4 gxh4 43. Nxh4 Bh7 44. Bb2 Qb4 45. Nf5 Ra2 46. Re2 {
unreadable} 0-1

[Event "Chigorin Memorial"]
[Site "St Petersburg"]
[Date "2015.10.10"]
[Round "8.40"]
[White "Grigorjev, Iljya"]
[Black "Kozionov, Kirill"]
[Result "1/2-1/2"]
[WhiteElo "2254"]
[BlackElo "2409"]
[PlyCount "161"]
[EventDate "2015.10.03"]
[EventRounds "9"]
[EventCountry "RUS"]

1. e4 e5 2. Nf3 Nc6 3. Bb5 a6 4. Ba4 Nf6 5. O-O Be7 6. Re1 b5 7. Bb3 d6 8. c3
O-O 9. h3 Na5 10. Bc2 c5 11. d4 Qc7 12. Nbd2 Rd8 13. Nf1 cxd4 14. cxd4 exd4 15.
Nxd4 d5 16. e5 Ne4 17. f3 Bc5 18. fxe4 dxe4 19. Be3 Nc4 20. Bxe4 Ra7 21. Kh1
Nxe3 22. Nxe3 Rxd4 23. Qc2 Be6 24. Bxh7+ Kh8 25. Bf5 Qxe5 26. Bxe6 fxe6 27. Ng4
Qf5 28. Rac1 Rd5 29. Qxf5 exf5 30. Re5 Rxe5 31. Nxe5 Bd6 32. Nf3 Bf4 33. Rf1
Bg3 34. Nd4 g6 35. Rf3 Bd6 36. Rd3 Rc7 37. g4 fxg4 38. hxg4 Be5 39. Ne6 Rc6 40.
Rd8+ Kh7 41. Ng5+ Kg7 42. Rd7+ Kg8 43. Rd8+ Kg7 44. Rd7+ Kf8 45. Rf7+ Ke8 46.
Rf2 Kd7 47. Rd2+ Rd6 48. Re2 Bf6 49. Ne4 Rd1+ 50. Kg2 Bd4 51. Kf3 Rf1+ 52. Kg2
Rb1 53. b3 Kc6 54. Rd2 Be5 55. Kf3 Rf1+ 56. Rf2 Rc1 57. Rd2 a5 58. Nf2 Bc3 59.
Re2 Kd5 60. Nd3 Rf1+ 61. Rf2 Rxf2+ 62. Kxf2 Ke4 63. Ke2 Bd4 64. b4 a4 65. Ne1
g5 66. Nc2 Bb2 67. Kd2 Kf3 68. Kd3 a3 69. Ne3 Bc1 70. Nd5 Kxg4 71. Nc3 Kf3 72.
Nxb5 g4 73. Nd4+ Kf2 74. Nf5 Bf4 75. b5 Bc7 76. Kc4 Kf3 77. Nh6 g3 78. Nf5 Ke2
79. Nxg3+ Bxg3 80. Kb3 Bd6 81. b6 1/2-1/2